书目信息 |
| 题名: |
税务筹划
|
|
| 作者: | 张世贤 , 夏洪胜 主编 | |
| 分册: | ||
| 出版信息: | 北京 经济管理出版社 2014 |
|
| 页数: | 220页 | |
| 开本: | 24cm | |
| 丛书名: | 21世纪工商管理文库 | |
| 单 册: | ||
| 中图分类: | F810.423 | |
| 科图分类: | ||
| 主题词: | 税务筹划--研究 , 税务筹划 | |
| 电子资源: | ||
| ISBN: | 978-7-5096-2350-3 | |
| 000 | 00975nam0 2200277 450 | |
| 001 | 139002 | |
| 005 | 20140903091604.48 | |
| 010 | @a978-7-5096-2350-3@dCNY 42.00 | |
| 100 | @a20140625d2014 em y0chiy50 ea | |
| 101 | 0 | @achi |
| 102 | @aCN@b110000 | |
| 105 | @ay z 000yy | |
| 200 | 1 | @a税务筹划@Ashui wu chou hua@b专著@dTax planning@f夏洪胜,张世贤主编@zeng |
| 210 | @a北京@c经济管理出版社@d2014 | |
| 215 | @a220页@d24cm | |
| 225 | 1 | @a21世纪工商管理文库@f夏洪胜,张世贤主编 |
| 300 | @a中国社会科学院创新工程学术出版资助项目 | |
| 330 | @a本书内容包括:税务筹划的基本理论、增值税的税务筹划、消费税的税务筹划、营业税的税务筹划、企业所得税的税务筹划、国际税务筹划、税务筹划发展的新趋势等。 | |
| 510 | 1 | @aTax planning@zeng |
| 606 | 0 | @a税务筹划@x研究 |
| 606 | 0 | @a税务筹划 |
| 690 | @aF810.423@v5 | |
| 701 | 0 | @a张世贤@Azhang shi xian@f(1956 )@4主编 |
| 701 | 0 | @a夏洪胜@Axia hong sheng@c(管理学)@4主编 |
| 801 | 0 | @c20140903 |
| 905 | @a241430@dF810.423@eX182 | |
| 税务筹划=Tax planning/夏洪胜,张世贤主编.-北京:经济管理出版社,2014 |
| 220页;24cm.-(21世纪工商管理文库/夏洪胜,张世贤主编) |
| 中国社会科学院创新工程学术出版资助项目 |
| ISBN 978-7-5096-2350-3:CNY 42.00 |
| 本书内容包括:税务筹划的基本理论、增值税的税务筹划、消费税的税务筹划、营业税的税务筹划、企业所得税的税务筹划、国际税务筹划、税务筹划发展的新趋势等。 |
| ● |
| 相关链接 |
|
|
|
正题名:税务筹划
索取号:F810.423/X182
 
预约/预借
| 序号 | 登录号 | 条形码 | 馆藏地/架位号 | 状态 | 备注 |
| 1 | 0828335 | 208283356 | 社科库409/409社科库 49排5列2层/ [索取号:F810.423/X182] | 在馆 | |
| 2 | 0828336 | 208283365 | 社科库409/409社科库 49排5列2层/ [索取号:F810.423/X182] | 在馆 | |
| 3 | 0828337 | 208283374 | 社科库409/409社科库 49排5列2层/ [索取号:F810.423/X182] | 在馆 |